000 00373nam a22001457a 4500
003 OSt
005 20160727222418.0
008 160625b xxu||||| |||| 00| 0 eng d
040 _cTEST
100 _91192
_aBrown, L
245 _aA Quarto of Modern Literature
260 _aNEW YORK
_bCHALES SCRIBNER'S SONS
_c1957
300 _aA Quarto of Modern Literature
942 _2ddc
_cBK
999 _c970
_d970